Book of abstracts : Worls aquaculture '97

Salvato in:
Dettagli Bibliografici
Natura: Libro
Lingua:Undetermined
Pubblicazione: Washington Washington State Convention Center 1997
Soggetti:
Tags: Aggiungi Tag
Nessun Tag, puoi essere il primo ad aggiungerne! !
Thư viện lưu trữ: Trung tâm Học liệu Trường Đại học Cần Thơ
LEADER 00462nam a2200157Ia 4500
001 CTU_149510
008 210402s9999 xx 000 0 und d
082 |a 639 
082 |b B724/1997 
245 0 |a Book of abstracts : 
245 0 |b Worls aquaculture '97 
260 |a Washington 
260 |b Washington State Convention Center 
260 |c 1997 
650 |a Aquaculture,Nuôi trồng thủy sản 
980 |a Trung tâm Học liệu Trường Đại học Cần Thơ